000 00792nam a2200241 a 4500
001 BRL_1661
003 FranzMayer
005 20230918123148.0
008 220414s2009----mx-a######---#000-0#spa-#
040 _cmfm
041 _aspa
044 _amx
050 4 _aNK3649.55.M4
_b.Z35 2009
100 1 _aZaldívar, María Luisa Laura
_927563
245 1 0 _aLa cestería en México
_cMaría Luisa Laura Zaldívar ; revisión y actualización Marco Buenrostro.
260 _aMéxico
_bFONART Fondo Nacional para el Fomento de las Artesanías
_c2009
300 _a31 p.
_bil.
_c21 cm.
440 0 _aArtesanías tradicionales. Apuntes monográficos
_927490
500 _aUn ejemplar en Anexo 1
650 1 4 _aCestería
_zMéxico
_927564
700 1 _aBuenrostro, Marco
_911025
942 _2lcc
_cB
999 _c10470
_d10470